[Event "Ligue Namur Luxembourg-ch"]
[Site "Namur,Marche,Ciney"]
[Date "2010.12.10"]
[Round "6"]
[White "Dumont, Vincent"]
[Black "Charlier, Dominique"]
[Result "1-0"]
[WhiteElo "1893"]
[BlackElo "1867"]
[PlyCount "47"]
[EventDate "2010.10.01"]
[EventType "swiss"]
[EventRounds "6"]
[EventCountry "BEL"]
[SourceTitle "EXT 2019"]
[Source "ChessBase"]
[SourceDate "2018.10.10"]
[SourceVersion "1"]
[SourceVersionDate "2018.10.10"]
[SourceQuality "1"]

1. e4 b6 2. d4 Bb7 3. Bd3 e6 4. c4 Bb4+ 5. Nc3 Nf6 6. Qe2 Nc6 7. Nf3 d6 8. 0-0 Bxc3 9. bxc3 h6 10. e5 Nd7 11. Ba3 Nf8 12. Rad1 Ne7 13. d5 exd5 14. exd6 cxd6 15. cxd5 a6 16. Nd4 g6 17. Nc6 Bxc6 18. dxc6 Ne6 19. Bxa6 Nf5 20. g4 Rg8 21. gxf5 gxf5+ 22. Kh1 Qh4 23. c7 Rg4 24. Bxd6 1-0

[Event "Ligue Namur Luxembourg-ch"]
[Site "Namur,Marche,Ciney"]
[Date "2010.10.15"]
[Round "2"]
[White "Uhoda, Philippe"]
[Black "Dumont, Vincent"]
[Result "1-0"]
[WhiteElo "2147"]
[BlackElo "1893"]
[PlyCount "119"]
[EventDate "2010.10.01"]
[EventType "swiss"]
[EventRounds "6"]
[EventCountry "BEL"]
[SourceTitle "EXT 2019"]
[Source "ChessBase"]
[SourceDate "2018.10.10"]
[SourceVersion "1"]
[SourceVersionDate "2018.10.10"]
[SourceQuality "1"]

1. d4 Nf6 2. c4 e6 3. Nc3 Bb4 4. Nf3 0-0 5. Bd2 c5 6. g3 cxd4 7. Nxd4 e5 8. Nc2 Be7 9. Bg2 d6 10. Ne3 Re8 11. 0-0 Nc6 12. Ned5 Nxd5 13. Nxd5 Bf8 14. b4 Be6 15. Qa4 Ne7 16. Rfd1 Nxd5 17. Bxd5 Bxd5 18. cxd5 f5 19. Rac1 Rc8 20. Qxa7 Ra8 21. Qxb7 Rxa2 22. Qc7 Qa8 23. Qc6 Qb8 24. Qd7 Re7 25. Qxf5 Qb5 26. Qd3 Qa4 27. Bc3 Rf7 28. Ra1 Qa7 29. Rf1 Rxa1 30. Bxa1 g6 31. Bc3 Bh6 32. e3 Qa2 33. Qd2 Qc4 34. Bb2 Qg4 35. Ra1 Qe4 36. Re1 Rc7 37. Re2 Qb1+ 38. Qe1 Qe4 39. Qd2 Qb1+ 40. Kg2 Qe4+ 41. f3 Qc4 42. Kf2 Rf7 43. Qc3 Qg4 44. f4 g5 45. Rc2 Rf8 46. Kg2 gxf4 47. exf4 Bxf4 48. Rf2 Bh6 49. Rxf8+ Bxf8 50. Qd2 Be7 51. Bc1 h5 52. Qd3 Kf7 53. b5 Bd8 54. h3 Qg7 55. Qf5+ Ke8 56. Qxh5+ Kd7 57. Qg4+ Qxg4 58. hxg4 e4 59. Be3 Ba5 60. g5 1-0

[Event "BEL-ch op"]
[Site "Namur"]
[Date "2006.07.07"]
[Round "7"]
[White "Dumont, Vincent"]
[Black "Van Praet, Reinald"]
[Result "0-1"]
[WhiteElo "1988"]
[BlackElo "1731"]
[PlyCount "102"]
[EventDate "2006.07.01"]
[EventType "swiss"]
[EventRounds "9"]
[EventCountry "BEL"]
[SourceTitle "CBM 113 Extra"]
[Source "ChessBase"]
[SourceDate "2006.09.14"]
[SourceVersion "1"]
[SourceVersionDate "2006.09.14"]
[SourceQuality "1"]

1. d4 Nf6 2. Nf3 e6 3. Bf4 b6 4. Nbd2 Bb7 5. e3 d6 6. Bd3 Nbd7 7. Qe2 Be7 8. e4 c5 9. c3 0-0 10. Bg3 cxd4 11. cxd4 Rc8 12. 0-0 Nh5 13. Rac1 Nxg3 14. hxg3 e5 15. Bb5 exd4 16. Nxd4 Bf6 17. Nf5 Ne5 18. f4 Nc6 19. Nf3 g6 20. Nh6+ Kg7 21. Ng4 Nd4 22. Nxd4 Bxd4+ 23. Kh2 Rc5 24. Rxc5 bxc5 25. e5 dxe5 26. fxe5 Qg5 27. Kh1 Qh5+ 28. Nh2 Qxe2 29. Bxe2 Bxe5 30. Bc4 Bxg3 31. Ng4 f5 32. Nh2 Bc6 33. Rd1 Rb8 34. b3 Rb7 35. Nf1 Bf4 36. Kg1 Kf6 37. Rd8 Bb5 38. Bxb5 Rxb5 39. Rd7 Ra5 40. a4 h5 41. g3 Be5 42. Nd2 Bxg3 43. Rd3 h4 44. Kg2 Ra6 45. Nf3 Rb6 46. Rc3 g5 47. Rxc5 Rd6 48. Rc2 g4 49. Nh2 Bf4 50. Nf1 h3+ 51. Kf2 Rd3 0-1